History Quiz

Random History or War Quiz

The Definition of Fascism Quiz Stats

 Plays Quiz not verified by Sporcle

Also try: Untimely Deaths
Challenge
Share
Tweet
Embed
Score 0/14 Timer 03:00
0 Plays Today
% Correct
Punishment
89.5%
Controlled
88.9%
Disdain
88.3%
Arts
87.7%
Unifying
86.2%
Elections
85.9%
Obsession
84.7%
% Correct
Corporate
83.2%
Supremacy
79.9%
Cronyism
75.1%
Religion
73.9%
Labor
72.7%
Nationalism
69.1%
Sexism
55%

You're not logged in!

Compare scores with friends on all Sporcle quizzes.
Join for Free
OR
Log In

You Might Also Like...

Show Comments

Extras

Top Quizzes Today


Score Distribution

Your Account Isn't Verified!

In order to create a playlist on Sporcle, you need to verify the email address you used during registration. Go to your Sporcle Settings to finish the process.

Report this User

Report this user for behavior that violates our Community Guidelines.

Details: